Minoritetsspråk i Norden : en rapport från Seminariet "Tala eller tiga i Norden", Mariehamn den 15-16 oktober 1994 /
Saved in:
| Corporate Authors: | , , |
|---|---|
| 其他作者: | |
| 格式: | 图书 |
| 语言: | Swedish |
| 出版: |
Mariehamn, Finland :
Ålands högskola,
1995.
|
| 丛编: | Meddelanden från Ålands högskola ;
nr 5. |
| 主题: | |
| 标签: |
添加标签
没有标签, 成为第一个标记此记录!
|
| LEADER | 01310nam a2200325 a 4500 | ||
|---|---|---|---|
| 001 | 008564293-2 | ||
| 005 | 20020606104010.5 | ||
| 008 | 010209s1995 fi b b 100|0 swe | ||
| 010 | |a 96159515 | ||
| 020 | |a 9529735049 | ||
| 035 | 0 | |a ocm37457696 | |
| 040 | |a DLC |c DLC |d OCL | ||
| 043 | |a e------ |a ev----- | ||
| 050 | 0 | 0 | |a P119.315 |b .S46 1994 |
| 110 | 2 | |a Seminariet "Tala eller tiga i Norden" |d (1994 : |c Mariehamn, Åland, Finland) | |
| 245 | 1 | 0 | |a Minoritetsspråk i Norden : |b en rapport från Seminariet "Tala eller tiga i Norden", Mariehamn den 15-16 oktober 1994 / |c arrangerat av Ålands fredsinstitut och Ålands högskola ; [redaktör, Robert Jansson]. |
| 260 | |a Mariehamn, Finland : |b Ålands högskola, |c 1995. | ||
| 300 | |a 129 p. : |b 1 map ; |c 21 cm. | ||
| 490 | 1 | |a Meddelanden från Ålands högskola, |x 0789-9629 ; |v nr 5 | |
| 504 | |a Includes bibliographical references. | ||
| 650 | 0 | |a Linguistic minorities |z Scandinavia |v Congresses. | |
| 650 | 0 | |a Linguistic minorities |z Europe |v Congresses. | |
| 650 | 0 | |a Language policy |z Europe |v Congresses. | |
| 655 | 7 | |a Conference proceedings. |2 fast | |
| 700 | 1 | |a Jansson, Robert. | |
| 710 | 2 | |a Ålands fredsinstitut. | |
| 710 | 2 | |a Ålands högskola. | |
| 830 | 0 | |a Meddelanden från Ålands högskola ; |v nr 5. |x 0789-9629 | |
| 988 | |a 20020608 | ||
| 906 | |0 DLC | ||


